Ladění programu II

Bibliographic Details
Main Author: Hořejš, Jiří, 1933-2001 (Author)
Format: Article
Language:Czech
PhysicalDescription:Res. rus., angl.
Subjects:

MARC

LEADER 00000nab a2200000 a 4500
001 vtls000001563
003 SK-MaSNL
005 20260304210640.0
008 111103c1978 xo 0 cze
015 |a SNBRB19rr/mm-uuuuu 
035 |a CL0011655 
040 |a SNKBUCL  |b slo  |c SNKBUCL  |e AACR2 
041 0 |a cze 
044 |a xo  |c SK 
080 |a 681.3.06  |2 1981 
080 |a 519.682  |2 1981 
100 1 |a Hořejš, Jiří,  |d 1933-2001  |4 aut  |9 151539 
245 1 0 |a Ladění programu II  |c Jiří Hořejš 
300 |b Res. rus., angl. 
650 0 7 |a programovanie  |2 snkbucl  |9 22041 
650 0 7 |a programovacie jazyky  |2 snkbucl  |9 1838 
655 7 |a články z novín a časopisov  |2 snkbucl  |9 267496 
655 7 |a články z odboru knihovníctvo  |2 snkbucl  |9 166141 
773 0 |t Informačné systémy  |g Roč. 7, č. 3 (1978), s. 223-249 
850 |a Slovenská národná knižnica v Martine  |a MTA001 
852 |a SNK  |b KIS3GCP 
958 |a RK 
958 |a KL 
992 |a RBX 
999 |c 3127024  |d 3128954